| 000 | 00328nam a22000977a 4500 | ||
|---|---|---|---|
| 008 | 240703b |||||||| |||| 00| 0 eng d | ||
| 040 |
_aNational Science Library _cNational Science Library |
||
| 245 | _aCresterea colectiilor caiet selective de informare | ||
| 260 |
_aRomania: _bEditura Academiei Republicii Socialiste |
||
| 942 | _cCR | ||
| 999 |
_c63912 _d63912 |
||